Central Library OPAC University of Rajshahi

The destiny of Indian Muslims (Record no. 45267)

MARC details
000 -LEADER
fixed length control field 00656nam a2200229 a 4500
001 - CONTROL NUMBER
control field 45267
003 - CONTROL NUMBER IDENTIFIER
rucl marc code BD-RjUL
005 - DATE AND TIME OF LATEST TRANSACTION
control field 20211209054004.0
008 - FIXED-LENGTH DATA ELEMENTS--GENERAL INFORMATION
fixed length control field 160725s1965 ii b 001 0 eng
035 ## - SYSTEM CONTROL NUMBER
System control number (BD-RjUL)45385
040 ## - CATALOGING SOURCE
Original cataloging agency DLC
Transcribing agency FNP
Modifying agency OCL
-- m/c
-- RCD
-- BD-RjUL
Language of cataloging eng
041 ## - LANGUAGE CODE
Language code of text/sound track or separate title eng
082 ## - DEWEY DECIMAL CLASSIFICATION NUMBER
Edition number 23
Classification number 297.09254
Author mark and year HUD 1965
100 1# - MAIN ENTRY--PERSONAL NAME
Personal name Husain, S. Abid
Dates associated with a name 1896-1978.
9 (RLIN) 138664
245 14 - TITLE STATEMENT
Title The destiny of Indian Muslims
Statement of responsibility, etc. S. Abid Husain.
260 ## - PUBLICATION, DISTRIBUTION, ETC. (IMPRINT)
Place of publication, distribution, etc. Bombay :
Name of publisher, distributor, etc. Asia Pub. House,
Date of publication, distribution, etc. c1965
300 ## - PHYSICAL DESCRIPTION
Pagination vii, 276 p. ;
Size 23 cm.
500 ## - GENERAL NOTE
General note Include index
504 ## - BIBLIOGRAPHY, ETC. NOTE
Bibliography, etc Bibliography: 265-267.
650 #0 - SUBJECT ADDED ENTRY--TOPICAL TERM
Topical term or geographic name as entry element Muslims
Geographic subdivision India.
9 (RLIN) 138665
942 ## - ADDED ENTRY ELEMENTS (KOHA)
Source of classification or shelving scheme Dewey Decimal Classification
Koha item type Books
Holdings
Lost status Source of classification or shelving scheme Damaged status Not for loan Collection code Permanent Location Current Location Shelving location Date acquired Source of acquisition Total Checkouts Full call number Date last seen Copy number Koha item type
  Dewey Decimal Classification     Non-fiction Central Library, University of Rajshahi Central Library, University of Rajshahi   24/06/1974 Indian Govt.   297.09254 HUD 1965 25/07/2016 C-2 Books
  Dewey Decimal Classification   Not For Loan Non-fiction Central Library, University of Rajshahi Central Library, University of Rajshahi Reading Room 12/06/1974 Zeitlinger   297.09254 HUD 1965 04/12/2016 C-1 Books